| 000 | 00377nam a2200133Ia 4500 | ||
|---|---|---|---|
| 008 | 191014s9999 xx 000 0 und d | ||
| 020 | _a0-19-851896-X | ||
| 082 |
_a530.417 _bDAV |
||
| 100 |
_aSydney G.Davison and Maria Steslicka _920333 |
||
| 245 | 0 | _aBasic Theory of Surface States | |
| 260 |
_aNew York _bOxford University Press _c1996 |
||
| 300 | _aXiv,223 | ||
| 942 | _cBK | ||
| 999 |
_c530905 _d530905 |
||